000 00485nam a2200193Ia 4500
003 GCL
008 140319s9999 xx 000 0 eng d
040 _aGCL /
_cGCL
082 0 4 _a725.51
_bJ H
100 1 _aJAMES, PAUL
245 1 0 _aHOSPITAL ARCHITECTURE /
_cJAMES, PAUL
260 _a[S.N] :
_bLONGMAN GROUP UK LIMITED ،
_c1994
300 _a168
650 0 4 _aDESIGN - CONSTRUCTION
650 0 4 _aARCHITECTURE
650 0 4 _aPLANNING
650 0 4 _aHOSPITALS
942 _2ddc
_cBK
999 _c24904
_d24904